000
00220nam a2200097Ia 4500
008
190216s9999||||xx |||||||||||||| ||und||
100
_a
Kunjunni
245
0
_a
Kunjunniyude Kavithakal
260
_b
Null
942
_c
BK
999
_c
25436
_d
25436